000 00769nam0a22002291 4500
001 rc\747700
005 20250622115854.0
035 _a(NLR Aleph) 006276412
090 _a7003749
_c7003749
100 _a20040301d1985 |||y0rusy50 ca
101 0 _arus
102 _aRU
105 _aa |||||||||
200 1 _aЖенька на чудо-острове
_eПовесть в рассказах
_e[Для мл. и сред. шк. возраста]
_fНина Цуприк
_g[Худож. А.В. Старцев]
210 _aОмск
_cКн. изд-во
_d1985
215 _a64 с.
_cил.
_d20
700 1 _aЦуприк
_bН.В.
_gНина Васильевна
801 0 _aRU
_bNLR
_gpsbo
801 1 _aRU
_bELAR
_2rusmarc
852 _aNLR
_j85-4/28751
942 _cBOOK
980 _aNB